Interior design practice / (Record no. 17906)

000 -LEADER
fixed length control field 01957cam a2200325 a 4500
001 - CONTROL NUMBER
control field 15955213
005 - DATE AND TIME OF LATEST TRANSACTION
control field 20161130085827.0
008 - FIXED-LENGTH DATA ELEMENTS--GENERAL INFORMATION
fixed length control field 091021s2010 nyua b 001 0 eng
010 ## - LIBRARY OF CONGRESS CONTROL NUMBER
LC control number 2009044555
015 ## - NATIONAL BIBLIOGRAPHY NUMBER
National bibliography number GBB012383
Source bnb
016 7# - NATIONAL BIBLIOGRAPHIC AGENCY CONTROL NUMBER
Record control number 015479342
Source Uk
020 ## - INTERNATIONAL STANDARD BOOK NUMBER
International Standard Book Number 9781581156751 (pbk.)
020 ## - INTERNATIONAL STANDARD BOOK NUMBER
International Standard Book Number 1581156758
035 ## - SYSTEM CONTROL NUMBER
System control number (OCoLC)ocn422759285
040 ## - CATALOGING SOURCE
Original cataloging agency DLC
Transcribing agency DLC
Modifying agency BTCTA
-- YDXCP
-- UKM
-- C#P
-- CDX
-- DLC
050 00 - LIBRARY OF CONGRESS CALL NUMBER
Classification number NK2116
Item number .I59 2010
100 ## - MAIN ENTRY--PERSONAL NAME
Personal name edited by Coleman,Cindy
245 00 - TITLE STATEMENT
Title Interior design practice /
Statement of responsibility, etc. edited by Cindy Coleman.
260 ## - PUBLICATION, DISTRIBUTION, ETC. (IMPRINT)
Place of publication, distribution, etc. New York :
Name of publisher, distributor, etc. Allworth Press :
-- Interior Design,
Date of publication, distribution, etc. 2010.
300 ## - PHYSICAL DESCRIPTION
Extent 251 p. :
Other physical details ill. ;
Dimensions 23 cm.
504 ## - BIBLIOGRAPHY, ETC. NOTE
Bibliography, etc Includes bibliographical references and index.
505 0# - FORMATTED CONTENTS NOTE
Formatted contents note Background. Evolution of the profession -- Growing a profession -- Legislation issues -- The regulatory organization -- The legal environment -- The work process. Scope of service matrix -- Pre-design services -- Programming for change -- Schematic design : communicating the design spirit -- Design development : designing the project -- Contract documents and working drawings -- Contract administration : getting started -- Management issues. Managing the marketing process -- Financial management -- Goals of project management -- Managing the client relationship.
650 #0 - SUBJECT ADDED ENTRY--TOPICAL TERM
Topical term or geographic name as entry element Interior decoration
General subdivision Practice.
700 1# - ADDED ENTRY--PERSONAL NAME
Personal name Coleman, Cindy.
856 42 - ELECTRONIC LOCATION AND ACCESS
Materials specified Contributor biographical information
Uniform Resource Identifier <a href="http://www.loc.gov/catdir/enhancements/fy1012/2009044555-b.html">http://www.loc.gov/catdir/enhancements/fy1012/2009044555-b.html</a>
856 42 - ELECTRONIC LOCATION AND ACCESS
Materials specified Publisher description
Uniform Resource Identifier <a href="http://www.loc.gov/catdir/enhancements/fy1012/2009044555-d.html">http://www.loc.gov/catdir/enhancements/fy1012/2009044555-d.html</a>
942 ## - ADDED ENTRY ELEMENTS (KOHA)
Source of classification or shelving scheme
Koha item type Hard Covered Materials
Classification part NK2116 .I59 2010
Holdings
Withdrawn status Lost status Source of classification or shelving scheme Damaged status Not for loan Home library Current library Shelving location Date acquired Source of acquisition Total Checkouts Full call number Barcode Date last seen Price effective from Koha item type
          MACHAKOS UNIVERSITY LIBRARY MACHAKOS UNIVERSITY LIBRARY Open shelf 30/11/2016 Donation(BFA)   NK2116 .I59 2010 28376 30/11/2016 30/11/2016 Hard Covered Materials
© Machakos University Library, Along The Highway, Machakos Wote Rd, Machakos, Kenya P.O. Box 136 - 90100 Machakos - Kenya

Tel: ( +254 ) 723 805829 OR Fax : 044-20353 OR Email: library@mksu.ac.ke